00397nam a22001097a 4500999001500000100003200015245007700047260005500124300000900179942000800188952009100196 c4566d4566 aWaidyathilaka, K.G.Tharanga aAntioxidative Activities of Cynometra cauliflora (Nam nam) in sri Lanka/ aRajagiriya:bInstitute of chemistry ceylon,c2017. a35p; cDES 0010708NFICaICbICcREFd2018-05-12l0pD0295r2018-05-12 00:00:00w2018-05-12yDIS